Statistics for Indianapolis Colts: Pro Bowl Selections

Click here to take the quiz!

General Stats

  • This quiz has been taken 90 times
    (59 since last reset)
  • The average score is 22 of 85

Answer Stats

PositionAmount of SelectionsPlayer% Correct
QB4Andrew Luck
100%
QB11Peyton Manning
98%
QB10Johnny Unitas
90%
WR8Marvin Harrison
90%
RB4Edgerrin James
86%
WR6Reggie Wayne
86%
K1Adam Vinatieri
81%
WR4T.Y. Hilton
81%
C5Jeff Saturday
71%
TE1Dallas Clark
71%
DE7Dwight Freeney
67%
CB2Bob Sanders
62%
DE5Robert Mathis
62%
RB3Marshall Faulk
62%
RB1Joseph Addai
55%
CB1Andy Nelson
52%
DE2Bubba Smith
52%
LB1D'Qwell Jackson
50%
K2Pat McAfee
50%
QB1Bert Jones
48%
RB3Eric Dickerson
45%
QB1Jim Harbaugh
43%
TE1Eric Ebron
40%
TE2Jack Doyle
40%
LB2Darius Leonard
40%
DE6Raymond Berry
33%
CB2Vontae Davis
31%
TE5John Mackey
29%
RB7Lenny Moore
26%
QB1Earl Morrall
26%
CB2Antoine Bethea
24%
K1Mike Vanderjagt
21%
T3Tarik Glenn
19%
DE11Gino Marchetti
19%
T8Jim Parker
17%
DT5Art Donovan
14%
LB1Cato June
14%
DT2Gene Lipscomb
12%
LB4Mike Curtis
10%
DT3Fred Miller
10%
LB3Ted Hendricks
10%
LS1Matt Overton
10%
FB1Alan Ameche
10%
RB1Buddy Young
10%
WR2Willie Richardson
10%
CB2Mike Adams
7%
CB2Bobby Boyd
7%
TE1Ken Dilger
7%
DE1Jim Mutscheller
7%
T6Chris Hinton
7%
C4Ray Donaldson
7%
G3Quenton Nelson
7%
RB3Lydell Mitchell
7%
P4Rohn Stark
7%
T5Bob Vogel
7%
RB1Norm Bulaich
5%
K2Toni Linhart
5%
CB1Lenny Lyles
5%
K1Dean Biasucci
5%
RB1Joe Washington
5%
K1Cary Blanchard
5%
RB2Tom Matte
5%
CB1Bruce Laird
5%
P1Chris Gardocki
5%
RB1George Taliaferro
5%
WR2Clarence Verdin
5%
CB3Bert Rechichar
5%
CB3Rick Volk
5%
G1Dick Barwegen
5%
DT3John Dutton
5%
G2Art Spinney
5%
DT1Mike Barnes
5%
T1Will Wolford
5%
T3George Kunz
5%
DE2Ordell Braase
5%
DE1Don Joyce
5%
WR1Jimmy Orr
5%
WR1Roger Carr
5%
C2Bill Curry
5%
CB3Jerry Logan
5%
C3Dick Szymanski
5%
CB1Tom Keane
2%
LB1Duane Bickett
2%
G1Ron Solt
2%
C2Ryan Kelly
0%

Score Distribution

Percentile by Number Answered

Percent of People with Each Score

Your Score History

You have not taken this quiz since the last reset